| 000 | 00443nam a22001331a 4500 | ||
|---|---|---|---|
| 020 |
_a0802805361 _c0.00 |
||
| 040 | _aNEGST Library - Kenya | ||
| 082 | _aBX 9422.2.D44 1991 | ||
| 100 | _aGruchy, John W de. | ||
| 245 |
_aLiberating Reformed Theology _cJohn W. de Gruchy _h[Text] |
||
| 260 |
_aGrand Rapids, Michigan _bWilliam B. Eerdmans Publishing Company _c1991 |
||
| 300 | _axviii, 291p. ; | ||
| 852 | _925.00 | ||
| 999 |
_c31073 _d31073 |
||